[Event "RUS-ch"]
[Site "Krasnodar"]
[Date "2002.08.28"]
[Round "2"]
[White "Makarov, Marat"]
[Black "Lastin, Alexander"]
[Result "1/2-1/2"]
[WhiteElo "2512"]
[BlackElo "2625"]
[PlyCount "35"]
[EventDate "2002.08.27"]
[Source "ChessBase"]
[SourceDate "2002.11.12"]

1. Nf3 d5 2. d4 e6 3. c4 c5 4. cxd5 exd5 5. g3 Nf6 6. Bg2 Be7 7. O-O O-O 8. Nc3 Nc6 9. dxc5 Bxc5 10. b3 Ne4 11. Qxd5 Nxc3 12. Qxc5 Nxe2+ 13. Kh1 Nxc1 14. Raxc1 Qb6 15. Ne5 Nxe5 16. Qxe5 Qa6 17. Rc2 Be6 18. Rfc1 1/2-1/2

[Event "Ano Liosia op"]
[Site "Ano Liosia"]
[Date "2001.01.05"]
[Round "8"]
[White "Khenkin, Igor"]
[Black "Halkias, Stelios"]
[Result "1/2-1/2"]
[WhiteElo "2633"]
[BlackElo "2502"]
[PlyCount "118"]
[EventDate "2000.12.27"]
[Source "ChessBase"]
[SourceDate "2001.01.11"]

1. d4 d5 2. c4 e6 3. Nf3 c5 4. cxd5 exd5 5. g3 Nf6 6. Bg2 Be7 7. O-O O-O 8. Nc3 Nc6 9. Bg5 c4 10. Ne5 Be6 11. b3 Qa5 12. Nxc6 bxc6 13. Qc2 Rad8 14. Rfd1 c5 15. bxc4 cxd4 16. Nxd5 Nxd5 17. cxd5 Bxg5 18. dxe6 fxe6 19. Be4 h6 20. Rab1 Rc8 21. Qb2 Qc3 22. Rd3 Qxb2 23. Rxb2 Be7 24. Rb7 Bc5 25. Kg2 Rf7 26. Bh7+ Kf8 27. Rf3 Rxf3 28. Kxf3 Bb6 29. h4 Rc7 30. Rb8+ Kf7 31. Bd3 Rc3 32. g4 Ra3 33. g5 hxg5 34. hxg5 Rc3 35. Kg4 Rc1 36. f4 Rg1+ 37. Kh5 Rh1+ 38. Kg4 Rg1+ 39. Kh4 Rh1+ 40. Kg3 Rc1 41. g6+ Ke7 42. Rg8 Rc7 43. Rxg7+ Kf8 44. Rh7 Rxh7 45. gxh7 Kg7 46. Kf3 Bc7 47. a4 Bd6 48. Bg6 Bb8 49. Ke4 Bc7 50. Bf7 Kxh7 51. Bxe6 Kg7 52. f5 Kf6 53. Kxd4 Bb6+ 54. Kd5 Be3 55. a5 Bd2 56. e4 Bc3 57. Bc8 Be5 58. Kc6 Bc3 59. a6 Be5 1/2-1/2